| 000 | 01174cam a22002891i 4500 | ||
|---|---|---|---|
| 003 | SA-RiAUC | ||
| 005 | 20241208150310.0 | ||
| 008 | 241206s1983 su g 000 0 ara c | ||
| 040 |
_aIQ-KaIHL _bara _cSA-RiAUC. _erda |
||
| 082 | 0 | 4 |
_a228 _qSA-RiAUC |
| 090 |
_a228 _bش ل ب |
||
| 100 | 1 |
_aشلبي، عبد الفتاح إسماعيل _eمؤلف. |
|
| 245 | 1 | 0 |
_aفي الدراسات القرآنية واللغوية : _bالإمالة في القراءات واللهجات العربية / _cعبد الفتاح إسماعيل شلبي. |
| 246 | 3 | 0 | _aالإمالة في القراءات واللهجات العربية |
| 250 | _aالطبعة الثالثة. | ||
| 264 | 1 |
_aجدة، السعودية : _bدار الشروق، _c1983 |
|
| 300 |
_a427 صفحة ؛ _c24 سم |
||
| 336 |
_aنص _btxt _2rdacontent _3كتاب |
||
| 337 |
_aبدون وسيط _bn _2rdamedia |
||
| 338 |
_aمجلد _bnc _2rdacarrier |
||
| 630 | 2 | 7 |
_aالقرآن _xقراءات _2aucut |
| 630 | 2 | 7 |
_aالقرآن _xتجويد _2aucut |
| 650 | 7 |
_aاللغة العربية _xلهجات _2aucsh |
|
| 730 | 2 | 2 | _aالقرآن |
| 942 |
_2ddc _cBOOK _n0 |
||
| 949 |
_aSA-JeALM _d241206 _uosman123 _n1 |
||
| 999 |
_c3133 _d3133 |
||